Statistiques concernant Langue française: le jeu du dictionnaire #4

Cliquez ici pour prendre le quiz!

Statistiques générales

  • Ce quiz a été pris 208 fois
  • Le résultat moyen est 10 sur 20

Statistiques - réponses

CatégorieDéfinitionRéponse% Correct
AdjectifDont la place, le rôle est considérableImportant
88%
NomPersonne qui se fait passer pour une autreImposteur
87%
NomPrélèvement d'argent obligatoire effectué par voie d'autoritéImpôt
86%
VerbeRéciter un texte, un discours, sans préparationImproviser
83%
AdjectifQui ne peut exister, hautement improbableImpossible
80%
VerbeReporter un dessin, un texte, ... sur du papier (par exemple)Imprimer
66%
NomPersonne qui négocie les contrats d'un artisteImprésario
62%
AdjectifQui arrive de façon inattendueImprévu
58%
AdjectifQui impréssionne, inspire le respectImposant
57%
AdjectifSe dit d'un crime non sanctionné d'acte juridiqueImpuni
53%
AdjectifQuelque chose qui gêneImportun
48%
VerbeFaire pénétrer et diffuser un fluide dans une substanceImprégner
45%
AdjectifSe dit de la composition d'une substance altérée par des éléments étrangersImpur
41%
AdjectifSe dit d'un chemin où l'on ne peut pas passerImpraticable
40%
NomManque d'exactitude, de nettetéImprécision
39%
AdjectifQui, faute de force ou de moyen, ne peut pas agir face à une situationImpuissant
38%
VerbeAttribuer à quelqu'un une chose digne de blâmesImputer
24%
AdjectifQui ne rapporte rien en terme de rendements ou d'argentImproductif
19%
NomDéfaut de quelqu'un qui commet des actions sans penser aux conséquencesImprudence
14%
NomCaractère de quelqu'un d'une extrême isolenceImpudence
12%

Distribution des résultats

Percentile par nombre de réponses

% des personnes avec chaque résultat

Votre développement - résultats

Vous n’avez pas pris ce quiz